Selected stories of Rabindranath Tagore / (Record no. 1561)

MARC details
000 -LEADER
fixed length control field 01176nam a22001817a 4500
001 - CONTROL NUMBER
control field 1561
003 - CONTROL NUMBER IDENTIFIER
control field FISKH
005 - DATE AND TIME OF LATEST TRANSACTION
control field 20230906165648.0
008 - FIXED-LENGTH DATA ELEMENTS--GENERAL INFORMATION
fixed length control field 230906b cb ||||| |||| 00| 0 eng d
020 ## - INTERNATIONAL STANDARD BOOK NUMBER
International Standard Book Number 9789390391042
040 ## - CATALOGING SOURCE
Original cataloging agency FISKH
Language of cataloging eng
Transcribing agency FISKH
Modifying agency FISKH
100 ## - MAIN ENTRY--PERSONAL NAME
Personal name Tagore, Rabindranath
Dates associated with a name 1861-1941.
Relator term author
245 ## - TITLE STATEMENT
Title Selected stories of Rabindranath Tagore /
260 ## - PUBLICATION, DISTRIBUTION, ETC.
Place of publication, distribution, etc. New Delhi :
Name of publisher, distributor, etc. Prakash Books,
Date of publication, distribution, etc. 2022
300 ## - PHYSICAL DESCRIPTION
Extent 371 pages :
Dimensions 20 cm
520 ## - SUMMARY, ETC.
Summary, etc. One of the leading figures of Bengali literature, Rabindranath Tagore was born on May 7, 1861. He was brought up in a literary, intellectual, and social household, and began writing at an early age. The bibliography of his writing contains more than two hundred works and around two thousand two hundred songs. From poetic dramas, social plays, short stories, philosophical and critical essays, and travelogues to letters, memoirs, lyrics, drawings, and paintings, Tagore’ s life was marked by uninterrupted literary and artistic creations. Many of Tagore’ s stories and novels have been adapted for film and television. His works continue to be translated into many languages worldwide.
942 ## - ADDED ENTRY ELEMENTS (KOHA)
Source of classification or shelving scheme Dewey Decimal Classification
Koha item type Books
Suppress in OPAC No
Holdings
Withdrawn status Lost status Source of classification or shelving scheme Damaged status Not for loan Collection Home library Current library Shelving location Date acquired Total Checkouts Full call number Barcode Date due Date last seen Date last checked out Price effective from Koha item type
    Dewey Decimal Classification     Fiction Footprints International School Library Network Toul Kork Campus Footprints International School Library Network Toul Kork Campus   09/06/2023 1 TAG Fic PK1722.A2 M39 2023-0513 04/15/2026 04/01/2026 04/01/2026 09/06/2023 Books